000 01625cam a2200349 4500
008 030806n2003 000 0 eng u
020 _a1842191640
035 _a(Sirsi) u123205
041 _aeng
050 _a338.095
_c18
100 _aParsa, Ali
245 _aEmerging global cities
_bcomparisons of Singapore and the cities of United Arab Emirates
_h[electronic resource]
260 _aLondon
_bRICS Foundation
_c2003
300 _a32p.
_c30cm.
490 _aRICS Foundation Report Series
520 _aThis report examines the impact of globalisation on emerging global cities by comparing the experiences of Singapore and the United Arab Emirates. Singapore is a city that has achieved its vision while the United Arab Emirates is a region seeking to establish itself. Key lessons for emerging global cities include achieving a clear economic vision, a stable and secure business environment, stable regional partnerships and a co-ordinated approach to policy implementation. View at www.rics-foundation.org.
650 _aSINGAPORE
650 _aUNITED ARAB EMIRATES
650 _aGLOBALISATION
650 _aWORLD ECONOMY
650 _aECONOMIC DEVELOPMENT
650 _aBUSINESS ENVIRONMENT
690 _aECONOMIC ISSUES
700 _aKeivani, Ramin
700 _aSim, Loo Lee
700 _aOng, Seow Eng
700 _aAgarwal, Adeesh
700 _aYounes, Bassem
710 _aRoyal Institution of Chartered Surveyors
_bFoundation
_94173
856 _uhttps://www.rics.org/Global/Downloads/EmergingGlobalCities200312.pdf
_View the report on the RICS Foundation website...
942 _n0
999 _c103011
_d103011